• 首页
  • 本馆介绍
  • 公告通知
  • 最新文献
  • 馆藏检索
  • 电子资源
  • 读者导购
  • 参考咨询
  • 我的图书馆
  • 登录
  • 详细信息显示
  • 放入我的书架
  • 预约/预借图书
  • 作者相关作品
  • 分类相关作品
  • 丛书相关作品
  • 出版社相关作品

书目信息

  • 表格格式
  • 工作单格式
  • 卡片格式
题名:
上海声调实验录
    
 
作者: 朱晓农 著
分册:  
出版信息: 上海   上海教育出版社  2005
页数: 369页
开本: 23cm
丛书名: 中国当代语言学丛书
单 册:
中图分类: H173
科图分类:
主题词: 吴语--声调--方言研究--上海 , 方言研究 , 声调
电子资源:
ISBN: 7-5320-9639-4
000 00906oam2 2200301 45
001 0900000032792
005 20051219142402.07
010    @a7-5320-9639-4@dCNY46.00
092    @aCN
100    @a20050603d2005 ekmy0chiy0120 ea
101 0  @achi
102    @aCN@b310000
105    @aa az 000yy
200 1  @a上海声调实验录@9shang hai sheng diao shi yan lu@f朱晓农著@Fzhu xiao nong zhu
210    @a上海@c上海教育出版社@d2005
215    @a369页@c图@d23cm
225 2  @a中国当代语言学丛书
320    @a有书目:第342-359页
330    @a本书研究了上海话单字调和两字调的声学性质,还描写了五个单字调的基频、时长和音强的性质。
461  0 @12001 @a中国当代语言学丛书
606 0  @a吴语@x声调@x方言研究@y上海
606 0  @a方言研究
606 0  @a声调
690    @aH173@v4
701  0 @a朱晓农@Azhu xiao nong@4著
801  0 @aCN@bCXYBOOK@c20051219
905    @a10447@dH173@e18
999    @aLYF@eJDD
    
    上海声调实验录/朱晓农著.-上海:上海教育出版社,2005
    369页:图;23cm.-(中国当代语言学丛书)
    
    
    ISBN 7-5320-9639-4:CNY46.00
    本书研究了上海话单字调和两字调的声学性质,还描写了五个单字调的基频、时长和音强的性质。
●
相关链接 在E读中查询图书 在五车中查询图书 在当当中查询图书 在豆瓣中查询图书


正题名:上海声调实验录     索取号:H173/18         预约/预借

序号 登录号 条形码 馆藏地/架位号 状态 备注
1 0371719   203717193   第二样本阅览室/ [索取号:H173/18] 在馆    
2 0371720   203717200   第四借阅区/ [索取号:H173/18] 在馆    
3 0371721   203717219   第四借阅区/ [索取号:H173/18] 在馆    
4 0371722   203717228   第四借阅区/ [索取号:H173/18] 在馆    
5 0371723   203717237   第四借阅区/ [索取号:H173/18] 在馆    
唐山师范学院图书馆 欢迎您!
大连网信软件有限公司© 版权所有